Geografía por Imágenes- O - Estadísticas

Estadísticas generales
  • Esta prueba ha sido intentada 5.060 veces
  • La puntuación promedio es 9 de 18
Estadísticas de respuestas
Imagen Hint Respuesta % Correcto
capital Oslo
88%
lugar Oasis
82%
país Oman
81%
ciudad Orlando
80%
estado de los Estados Unidos Ohio
74%
ciudad Osaka
65%
ciudad inglesa Oxford
61%
antiguo sitio de evento deportivo Olimpia
56%
estado mexicano Oaxaca
39%
lago (en rojo) Ontario
39%
ciudad Odesa
36%
organización internacional OPEP
35%
región Occitania
34%
ciudad Oviedo
30%
rio ruso Ob
23%
isla Oahu
18%
archipiélago Orcadas
16%
Puente de {Øresund}
11%
No se encontraron pruebas coincidentes
Distribución de puntuación
Porcentaje de gente con cada puntuación
Porcentaje por número respondido
Historial de tus puntuaciones
No has intentado esta prueba.